THE INVISIBLE BOY (Record no. 6045)
[ view plain ]
| 000 -LEADER | |
|---|---|
| fixed length control field | 00581nam a22001457a 4500 |
| 020 ## - INTERNATIONAL STANDARD BOOK NUMBER | |
| ISBN | 1-85881-840-0 |
| 082 ## - DEWEY DECIMAL CLASSIFICATION NUMBER | |
| Classification number | 823 |
| Item number | GAR/I |
| 100 ## - MAIN ENTRY--AUTHOR NAME | |
| Personal name | GARDNER, SALLY |
| 245 ## - TITLE STATEMENT | |
| Title | THE INVISIBLE BOY |
| 260 ## - PUBLICATION, DISTRIBUTION, ETC. (IMPRINT) | |
| Place of publication | BRITAIN |
| Name of publisher | ORION CHILDRENS BOOKS |
| Year of publication | 2002 |
| 300 ## - PHYSICAL DESCRIPTION | |
| Number of Pages | 107 |
| 520 ## - SUMMARY, ETC. | |
| Summary, etc | This book is about Brian, a boy who feels invisible at school. He is ignored by the teacher and his classmates, never chosen to be on kickball teams, and is excluded at lunch. When a new student, Justin, comes to school, Justin gets made fun of and Brian reassures him. |
| 650 ## - SUBJECT ADDED ENTRY--TOPICAL TERM | |
| Topical Term | SHORT STORY |
| 942 ## - ADDED ENTRY ELEMENTS (KOHA) | |
| Koha item type | Books |
| Withdrawn status | Lost status | Collection code | Home library | Current library | Shelving location | Date acquired | Source of acquisition | Cost, normal purchase price | Full call number | Accession Number | Koha item type |
|---|---|---|---|---|---|---|---|---|---|---|---|
| Fiction | Main Library | Main Library | SHELF 15-J-CHILDREN'S STORYBOOKS | 21/03/2014 | Purchase | 4.99 | 823 GAR/I | 08080 | Books |